Increasing Productivity and Competitiveness of the Informal Sector in Africa : Experiences of African and Asian Countries (Banjul, Gambia : 1- 3 December 1998).
| Format: | Book |
|---|---|
| Published: |
New York:
United Nations,
1999.
|
| Subjects: |
| LEADER | 00462cam a2200121 7i4500 | ||
|---|---|---|---|
| 001 | 0000008957 | ||
| 005 | 20010328090000.0 | ||
| 090 | 0 | 0 | |a I 380.1 |b INC |
| 245 | 0 | 0 | |a Increasing Productivity and Competitiveness of the Informal Sector in Africa : |b Experiences of African and Asian Countries (Banjul, Gambia : 1- 3 December 1998). |
| 260 | 0 | 0 | |a New York: |b United Nations, |c 1999. |
| 300 | # | # | |a 74 p. |
| 650 | 0 | 0 | |a Trade |
| 999 | |a 0000011125 |b Book |c International |e Business Information Centre | ||